000 00650nam a2200241Ia 4500
005 20260430150654.0
008 008 250103s9999 xx 000 0 eng d
037 _aTheses
040 _aCRL
040 _beng
040 _ceng
041 _2eng
041 _aeng
084 _qCRL
100 _aSharma Kongbrailatpam Tamashwor Au.; Dey Ananya Kumar Gu.
_91238169
245 0 _aBasak Songs og Manipuri Nat Sankirtan: An In-Depth Study
260 _c2024
300 _a154p.
650 _aMusic
700 _aUniversity of Delhi. Faculty of Music and Fine Arts. Deptt. of Music
_91238170
942 _cTH
999 _c1850355
_d1850355